[Event "La Paz op"]
[Site "La Paz"]
[Date "2022.09.16"]
[Round "3"]
[White "Aguilar Flores, Fidel"]
[Black "Colque, Aracely"]
[Result "1-0"]
[WhiteElo "1854"]
[BlackElo "1582"]
[PlyCount "55"]
[EventDate "2022.09.15"]
[EventType "swiss"]
[EventRounds "7"]
[EventCountry "BOL"]
[SourceTitle "EXT 2023"]
[Source "ChessBase"]
[SourceDate "2022.10.05"]
[SourceVersion "1"]
[SourceVersionDate "2022.10.05"]
[SourceQuality "1"]

1. e4 c5 2. Nc3 Nc6 3. Bb5 g6 4. Bxc6 bxc6 5. f4 Bg7 6. Nf3 d5 7. e5 f6 8. 0-0 Bg4 9. Qe1 Qc7 10. exf6 Nxf6 11. d3 0-0 12. Ne5 Bc8 13. Kh1 Nh5 14. Bd2 Ba6 15. Qe2 d4 16. Ne4 Bxe5 17. Ng5 Bc8 18. fxe5 Rxf1+ 19. Rxf1 Ng7 20. Qf3 Bf5 21. g4 Rf8 22. Qh3 Nh5 23. Rxf5 Rxf5 24. gxf5 Qxe5 25. fxg6 Qd5+ 26. Kg1 hxg6 27. Qe6+ Kh8 28. Qxg6 1-0